Estatísticas para Personagens da Saga Minecraft - Felipe Neto

Clique aqui para jogar o quiz

Estatísticas Gerais

  • Esse quiz foi jogado 592 vezes
  • A pontuação média é 18 de 43

Estatísticas das Respostas

HintResposta% Correto
Primeiro, e melhor cavalo que o Felipe encontrou, que infelizmente faleceuJussara
95%
Nunca vai ser o Jussara 1Jussara 2
91%
Gato branco que adora sentar nos baúsCoquinho
90%
Cachorro que acompanha o Felipe em suas aventurasEspirro
88%
Ovelha preta, foi o primeiro animal que o Felipe encontrouLoco
81%
Rara ovelha rosa que vive na Árvore MísticaMamacita
80%
Ovelha brancaTulio
80%
Panda brincalhãoBolhudo
64%
Namorada do cachorro do FelipeCoriza
60%
Vizinho do Felipe, era um Zumbi Villager que foi curadoClaudio
58%
Gata preta que senta no trono do casteloHermione
57%
Nome que o Felipe dá aos Iron GolemsBruno Blanco
56%
Cavalo branco encontrado na vila do deserto e que foi esquecido por um tempoJussauro
54%
Mulher do vizinho do FelipeIvete
53%
Trabalha na obra e adora mijar nas plantasJobson Pedreiro
50%
Bruxa que foi capturada e presaBellatrix
49%
Foi acidentalmente morto pelo cachorro do FelipeJobson Aquatico
42%
Cavalo cinza encontrado após a morte do primeiroMane
42%
Nasceu de um cruzamento entre um cavalo e um burroMula
39%
Pássaro azulAzulejo
37%
Cavalo possuído que é filho do pior cavaloDinnerbone
37%
Primeiro filho dos villagers, foi morar com o pedreiroTonho
35%
Panda assustadoFaniquito
32%
Cavalo preto encontrado enquanto Felipe procurava a ilha de cogumelos, e que morreu sufocado no portal do Nether.Gastrite
32%
Jaguatirica que foi encontrada no episódio 26Jacarépaguá
30%
Burro que foi encontrado ainda pequenoJairo
30%
Pássaro verdeKiwi
30%
Cavalo que venceu a competição dos cavalos, e que também morreu.Rubens
30%
Pássaro vermelhoChapolito
29%
Cavalo Esqueleto 3Seu Madruga
28%
Cavalo Esqueleto 1Mangueira
25%
Raríssimo Zombie Pigman criança montado numa galinhaPereirinha Na Galinha
25%
Cavalo encontrado no episódio 33, após a morte de outro cavaloMikael
23%
Gato preto que foi encontrado na casa da bruxaReri Pote
23%
Zumbi criança que temporariamente recebeu o nome de BellatrixDelinquente
22%
Filha dos dois villagersCleide
21%
Pássaro azul, verde e amareloVietna
21%
Esqueleto com calça de diamante, foi o primeiro monstro a ser preso no casteloOssudo
19%
Zumbi com calças de ouro, segundo monstro a ser presoMondronguinho
18%
Ultimo cavalo encontrado por FelipeSepulveda
17%
Zumbi que fica na máquina de fazer ferroZimbabwe
15%
Nome temporário dado a um Zumbi Villager na prisãoCassandro
11%
Cavalo Esqueleto 2Jumento
11%

Distribuição das Pontuações

Percentil de Números Respondidos

Porcentagem de Pessoas com Cada Pontuação

Sua Pontuação Histórica

Você não jogou esse quiz